书目信息 |
| 书名: | Translating as a purposeful activity | |
| 作者: | Christiane Nord. | |
| 分册号: | ||
| 分册名: | 出版地: | Shanghai : |
|
| 出版社: | Shanghai Foreign Language Education Press | |
| 出版时间: | 2001. | |
| 页数: | 154 p. : | |
| 开本: | 21 cm. | |
| 丛书名: | 国外翻译研究丛书 | |
| 中图分类号: | ||
| 科图分类号: | ||
| 其他分类号: | H059 | |
| 主题词: | ||
| 电子资源: | ||
| 000 | 01061cam 2200289 a 4500 | |
| 001 | E0733007952 | |
| 005 | 20070308091211.79 | |
| 008 | 011120r20011997cc a b 000 0 eng d | |
| 020 | @a7810801198 :@cCNY10.00. | |
| 040 | @aFDU@bchi | |
| 050 | 00 | @aP306@b.N593 |
| 082 | 00 | @a418/.02 @2 21 |
| 090 | @aH059 | |
| 099 | @dH059@ex7 | |
| 100 | 1 | @aNord, Christiane. |
| 245 | 10 | @aTranslating as a purposeful activity :@bfunctionalist approaches explained = 目的性行为 : 析功能翻译理论 / @cChristiane Nord. |
| 246 | 31 | @a目的性行为 :@b析功能翻译理论 |
| 250 | @a影印本. | |
| 260 | @aShanghai :@bShanghai Foreign Language Education Press,@c2001. | |
| 300 | @a154 p. :@bill. ;@c21 cm. | |
| 440 | 0 | @a国外翻译研究丛书 ;@v3 |
| 440 | 0 | @aTranslation theories explained,@x1365-0513 ;@v1 |
| 504 | @aIncludes bibliographical references (p. 142-154). | |
| 534 | @pReprint. Originally published:@cManchester, UK : St. Jerome Pub., 1997.@z1900650029 | |
| 650 | 0 | @aTranslating and interpreting. |
| 700 | @aNord,Christiane | |
| 920 | @a232010@z2 | |
| Translating as a purposeful activity : : functionalist approaches explained = 目的性行为 : 析功能翻译理论 / / Christiane Nord.-影印本.-Shanghai : : Shanghai Foreign Language Education Press, , 2001. |
| 154 p. : : ill. ; ; 21 cm.- (国外翻译研究丛书 ; 3 ).- (Translation theories explained, 1365-0513 ; 1 ) |
| Includes bibliographical references (p. 142-154). |
| ISBN 7810801198 :CNY10.00. |
| ● |
| 相关链接 |
|
|
|
|
正题名:Translating as a purposeful activity
索取号:H059/x7
 
预约/预借
| 序号 | 登录号 | 条形码 | 馆藏地/架位号 | 状态 | 备注 |
| 1 | 0000435 | 300004359 | 第二样本阅览室/ [索取号:H059/x7] | 在馆 | |
| 2 | 0000436 | 300004368 | 第四借阅区/ [索取号:H059/x7] | 在馆 | |
| 3 | 0000437 | 300004377 | 第四借阅区/ [索取号:H059/x7] | 在馆 | |
| 4 | 0000438 | 300004386 | 第四借阅区/ [索取号:H059/x7] | 在馆 | |
| 5 | 0000439 | 300004395 | 第四借阅区/ [索取号:H059/x7] | 在馆 |